U.S. General Knowledge by Letter - T - Statistics

General Stats
  • This quiz has been taken 151 times
    93 since last reset
  • The average score is 11 of 14
Answer Stats
Hint Answer % Correct
The Lone Star State Texas
99%
State that borders eight other states Tennessee
95%
U.S. President that was impeached twice Donald Trump
92%
Capital of Florida Tallahassee
91%
City in Florida on a bay with the same name Tampa
84%
MLB team in Detroit Tigers
78%
Capital of Kansas Topeka
78%
Capital of New Jersey Trenton
78%
Lake in Nevada and California Tahoe
77%
2nd biggest city in Arizona Tucson
67%
2nd biggest city in Oklahoma Tulsa
66%
City in Ohio on lake Erie Toledo
65%
3rd biggest city in Washington Tacoma
59%
Major city in Alabama Tuscaloosa
42%
No matching quizzes found
Score Distribution
Percent of People with Each Score
Percentile by Number Answered
Your Score History
You have not taken this quiz since the last reset